书目信息 |
| 题名: |
物理学中的几何方法
|
|
| 作者: | 余扬政 , 冯承天 | |
| 分册: | ||
| 出版信息: | 北京 高等教育出版社 1998.12 |
|
| 页数: | 527页 | |
| 开本: | 32开 | |
| 丛书名: | ||
| 单 册: | ||
| 中图分类: | O411.1 | |
| 科图分类: | ||
| 主题词: | 理论物理学 | |
| 电子资源: | ||
| ISBN: | 7-04-006895-8 | |
| 000 | 00591nam0 2200205 45 | |
| 001 | 0106251075 | |
| 005 | 20010625101930.0 | |
| 010 | @a7-04-006895-8@d32.50元 | |
| 100 | @a20010625d1998 km y0chiy0120 ea | |
| 101 | 0 | @achi |
| 105 | @a z 000yy | |
| 200 | 1 | @a物理学中的几何方法@AWu Li Xue Zhong De Ji He Fang Fa@f余扬政,冯承天@FYu Yang Zheng,Feng Cheng Tian |
| 210 | @a北京@c高等教育出版社@d1998.12 | |
| 215 | @a527页@d32开 | |
| 606 | 0 | @a理论物理学 |
| 690 | @aO411.1@v3 | |
| 701 | 0 | @a余扬政 |
| 701 | 0 | @a冯承天 |
| 801 | @aCN@bPftUser@c20010625 | |
| 905 | @f10@b350838-847@dO411.1@eY981 | |
| 物理学中的几何方法/余扬政,冯承天.-北京:高等教育出版社,1998.12 |
| 527页;32开 |
| ISBN 7-04-006895-8:32.50元 |
| ● |
| 相关链接 |
|
|
|
正题名:物理学中的几何方法
索取号:O411.1/Y981
 
预约/预借
| 序号 | 登录号 | 条形码 | 馆藏地/架位号 | 状态 | 备注 |
| 1 | 350838 | 203508383 | 自科库401/401自科库 57排4列4层/ [索取号:O411.1/Y981] | 在馆 | |
| 2 | 350839 | 203508392 | 自科库401/401自科库 57排4列4层/ [索取号:O411.1/Y981] | 在馆 | |
| 3 | 350840 | 203508409 | 自科库401/401自科库 57排4列4层/ [索取号:O411.1/Y981] | 在馆 | |
| 4 | 350841 | 203508418 | 自科库401/401自科库 57排4列4层/ [索取号:O411.1/Y981] | 在馆 | |
| 5 | 350842 | 203508427 | 自科库401/401自科库 57排4列4层/ [索取号:O411.1/Y981] | 在馆 | |
| 6 | 350843 | 203508436 | 自科库401/401自科库 57排4列4层/ [索取号:O411.1/Y981] | 在馆 | |
| 7 | 350844 | 203508445 | 自科库401/401自科库 57排4列4层/ [索取号:O411.1/Y981] | 在馆 | |
| 8 | 350845 | 203508454 | 自科库401/401自科库 57排4列4层/ [索取号:O411.1/Y981] | 在馆 | |
| 9 | 350846 | 203508463 | 自科库401/401自科库 57排4列4层/ [索取号:O411.1/Y981] | 在馆 | |
| 10 | 350847 | 203508472 | 自科库401/401自科库 57排4列4层/ [索取号:O411.1/Y981] | 在馆 |